000 00524nam a2200157Ia 4500
008 170221s9999 xx 000 0 und d
100 _aZhongjian Kang
245 _aResearch on Fault Location Method in Distribution Network with DG Based on PADEA
245 _cZhongjian Kang, Ruiying Liu, and Yanyan Feng
260 _bJournal of Communications
260 _c2015
300 _a10 : 8
650 _xCommunication
650 _xMedia Arts
856 _uhttp://www.jocm.us/index.php?m=content&c=index&a=lists&catid=150
999 _c307099
_d307099